• Ludovisi C.

di Personal Name

Records bibliografici associati: 1

001 - CONTROL NUMBER

  • control field: 58719

003 - CONTROL NUMBER IDENTIFIER

  • control field:

005 - DATE AND TIME OF LATEST TRANSACTION

  • control field: 20201228162325.0

008 - FIXED-LENGTH DATA ELEMENTS

  • fixed length control field: 201228|| aca||aabn | a|a d

040 ## - CATALOGING SOURCE

  • Original cataloging agency:
  • Transcribing agency:

100 ## - HEADING--PERSONAL NAME

  • Personal name: Ludovisi C.
  • Personal name: Patete A.
  • Personal name: Griffo G.
  • Personal name: Starace F.
  • Personal name: Cooperativa sociale Tandem

670 ## - SOURCE DATA FOUND

  • Source citation: Work cat.: (): Trigari Michela 57865, Siamo pronti per ripartire?, 2020
CREDITS: SOCIETA' SAN PAOLO Via A.Severo, 58 - ROMA (RM) & PERIODICI SAN PAOLO SRL Via Giotto, 36 MILANO & CISF Via Giotto, 36 MILANO & EDIZIONI SAN PAOLO SRL,  Piazza Soncino, 5 CINISELLO BALSAMO (MI) -- ITALY